000
00262nam a22001217a 4500
003
SGT
082
_a
618.2
_b
W11A
100
_a
ARORA,MALA
245
_a
WORLD CLINICS OBSTETRICS AND GYNECOLOGY
260
_a
INDIA
_b
JAYPEE
_c
2011
300
_a
120
942
_2
ddc
_c
BK
999
_c
13997
_d
13997